| 000 | 00863nam a2200241 a 4500 | ||
|---|---|---|---|
| 001 | 000022739 | ||
| 005 | 20200930021752.0 | ||
| 008 | 101117s1987 cu r 000 f spa d | ||
| 040 |
_aDO-SdBNP _bspa _cBNPHU |
||
| 082 |
_aE863.44 _bO77j |
||
| 100 | 1 |
_aOrtíz, Adalberto, _d1914-2003. _923189 |
|
| 245 | 1 | 0 |
_aJuyungo / _cAdalberto Ortíz ; prólogo Salvador Bueno. |
| 260 |
_aCiudad de La Habana, Cuba : _bCasa de las Américas, _c1987. |
||
| 300 |
_a380, [20] p. ; _c19 cm. |
||
| 490 | 1 |
_aLiteratura latinoamericana _v120 |
|
| 504 | _aIncluye referencias bibliográficas y notas al pie de las páginas. | ||
| 650 | 4 |
_aNovela ecuatoriana _95017 |
|
| 650 | 4 |
_aLiteratura ecuatoriana _ySIGLO XX _914420 |
|
| 700 | 1 |
_aBueno, Salvador _epról. _945589 |
|
| 700 | 1 |
_aCastillo, Reinaldo _eed. _93176 |
|
| 830 | 0 |
_aLiteratura latinoamericana ; _v120 _9500 |
|
| 049 | _aBNGR | ||
| 999 |
_c22236 _d22236 |
||